000 00575nam a2200241 a 4500
001 nice12345678
003 IN_TiNIC
005 20260116011753.0
008 050524s1943 hyda grp 000 0 urd
020 _a
_c100
082 0 0 _a297.831
_bMAH1
100 _aMahdavi, Gorey Mian
245 _aAl-Balagh
260 _aHyderabad
_bJamat Izhar-E-Haq
_c1943
300 _a16p
500 _aincludes index and biblioraphy
505 2 _aFrom Persian Transl.
650 _aMahdavia
700 1 _aMahdavi, Gorey Mian
902 _bSRS
942 _cBK
999 _c3836
_d3836